Normal view MARC view

Entry Término temático

Number of records used in: 1

001 - NÚMERO DE CONTROL

  • campo de control: 235049

003 - IDENTIFICADOR DE NÚMERO DE CONTROL

  • campo de control: SpMaBN

005 - FECHA Y HORA DE LA ÚLTIMA TRANSACCIÓN

  • campo de control: 20240205200820.0

008 - ELEMENTOS DE DATO DE LONGITUD-FIJA

  • campo de control de longitud fija: 210215 n anznnbabn |a ana

040 ## - FUENTE DE CATALOGACIÓN

  • Centro catalogador/agencia de origen: SpMaBN
  • Lengua de catalogación: spa
  • Centro/agencia transcriptor: SpMaBN
  • Normas de descripción: rdc
  • Convención/Normas de encabezamiento de materia/tesauro: embne

042 ## - CÓDIGO DE AUTENTICACIÓN

  • Código de autenticación: 20210217

080 ## - NÚMERO DE LA CLASIFICACIÓN DECIMAL UNIVERSAL

  • Número de la Clasificación Decimal Universal: 394.6(460.288.2)
  • Identificador de la edición: mrf12

150 ## - ENCABEZAMIENTO--TÉRMINO DE MATERIA

  • Término de materia o nombre geográfico como elemento de entrada: Feria de Albacete-
  • Subdivisión de forma: Exposiciones

450 ## - TRAZADO DE VÉASE--TÉRMINO DE MATERIA

  • Término de materia o nombre geográfico como elemento de entrada: Feria de la Virgen de los Llanos (Albacete, Fiesta)

550 ## - TRAZADO VÉASE ADEMÁS--TÉRMINO DE MATERIA

  • Subcampo de control: g
  • Término de materia o nombre geográfico como elemento de entrada: Fiestas
  • Subdivisión geográfica: España

550 ## - TRAZADO VÉASE ADEMÁS--TÉRMINO DE MATERIA

  • Término de materia o nombre geográfico como elemento de entrada: Virgen de los Llanos

670 ## - FUENTE DE DATOS ENCONTRADOS

  • Cita de la fuente: Sabater y Pujals, José. Memoria de la Feria de Albacete, 1883

670 ## - FUENTE DE DATOS ENCONTRADOS

  • Cita de la fuente: Sánchez de la Rosa, José (1930-). Historia de la Feria, 1983

670 ## - FUENTE DE DATOS ENCONTRADOS

  • Cita de la fuente: WWW España en fiestas, 14-1-2021
  • Información encontrada: (Feria de Albacete. Se celebra del 7 al 17 de Septiembre. Su origen se sitúa en el año 1375, momento en el que el hasta entonces llamado lugar de Albacete se segrega de Chinchilla y se convierte en villa, con el privilegio otorgado por el Marqués de Villena, por el cual se concedía al nuevo municipio los mismos derechos que a los de su población matriz, entre ellos el de una feria anual. La Feria que empezó celebrándose en el propio casco de Albacete, se trasladó en el siglo XVII al paraje de Los Llanos. En un recinto ferial estable, céntrico y único se concentra la fiesta, diversión, gastronomía, espectáculos y corridas de toros.)
  • Identificador Uniforme de Recursos: https://www.españaenfiestas.es/fiestas-espa%C3%B1a/fiestas-ca stilla-mancha/fiestas-provincia-albacete/fiestas-albacete/feria- albacete.html